Dějiny pornografie /

Hlavní autor: Poštulka, Vladimír, 1943-2019
Jazyk: Čeština
Vydáno: V Praze : XYZ, 2007
Témata:
Fyzický popis: 320 s., [16] s. barev. obr. příl. : il., portréty ; 22 cm
Knihy
Uloženo v:
LEADER 01642cam a2200457 a 4500
001 nkc20071718868
003 CZ PrNK
005 20090703101437.0
007 ta
008 071205s2007 xr acf f 000 0 cze d
015 |a cnb001718868 
020 |a 978-80-87021-30-9  |q (váz.) 
035 |a (OCoLC)228777520 
040 |a KLG001  |b cze  |d BOA001  |d ABA001 
072 7 |a 613  |x Hygiena. Lidské zdraví  |2 Konspekt  |9 14 
080 |a 176.8  |2 MRF 
080 |a 613.88  |2 MRF 
080 |a (048.8)  |2 MRF 
100 1 |a Poštulka, Vladimír,  |d 1943-2019  |7 jk01100779  |4 aut 
245 1 0 |a Dějiny pornografie /  |c Vladimír Poštulka 
246 1 4 |a Dějiny pornografie v datech 
260 |a V Praze :  |b XYZ,  |c 2007 
300 |a 320 s., [16] s. barev. obr. příl. :  |b il., portréty ;  |c 22 cm 
650 0 7 |a pornografie  |7 ph124363  |x dějiny  |2 czenas 
650 0 7 |a sexualita  |7 ph116134  |x dějiny  |2 czenas 
650 0 7 |a erotika  |7 ph119988  |x dějiny  |2 czenas 
650 0 7 |a dějiny sexu  |7 ph496677  |2 czenas 
650 0 9 |a pornography  |x history  |2 eczenas 
650 0 9 |a sexuality  |x history  |2 eczenas 
650 0 9 |a erotica  |x history  |2 eczenas 
650 0 9 |a sex  |x history  |2 eczenas 
655 7 |a monografie  |7 fd132842  |2 czenas 
655 7 |a chronologické přehledy  |7 fd131969  |2 czenas 
655 9 |a monographs  |2 eczenas 
655 9 |a chronological surveys  |2 eczenas 
910 2 |a BOA001  |b Z-1200.108 
990 |a BK 
995 |a 01 
991 |b 200803  |c NOV 
996 6 |b 2610335198  |c Z-1200.108  |l MZK  |r Sklad / do 24 hodin  |n 15  |p kup  |w 000886825  |u 000010  |a 1  |e BOA001  |j MZK50  |s P 
996 6 |b 2610375898  |c Z-1200.108  |l MZK  |r Sklad / do 24 hodin  |n 4  |p p.v.  |w 000886825  |u 000020  |a 1  |e BOA001  |j MZK50  |s P